| Tag |
First Indicator |
Second Indicator |
Subfields |
| LEADER |
00000cam a2200000Ia 4500 |
| 001 |
in00002786550 |
| 005 |
20211120170319.0 |
| 006 |
m o d f |
| 007 |
cr mn||||||||| |
| 008 |
121107s2011 mdua ob f000 0 eng d |
| 035 |
|
|
|a (OCoLC)ocn816309519
|
| 040 |
|
|
|a GPO
|c GPO
|d MvI
|d UtOrBLW
|
| 043 |
|
|
|a n-us---
|
| 049 |
|
|
|a WWW
|
| 074 |
|
|
|a 0247-D (online)
|
| 086 |
0 |
|
|a C 13.58:7788
|
| 100 |
1 |
|
|a Singhal, Anoop.
|
| 245 |
1 |
0 |
|a Security risk analysis of enterprise networks using probabilistic attack graphs /
|c Anoop Singhal, Ximming Ou.
|
| 264 |
|
1 |
|a Gaithersburg, MD :
|b U.S. Dept. of Commerce, National Institute of Standards and Technology,
|c [2011]
|
| 300 |
|
|
|a 1 online resource (23 pages) :
|b illustrations (chiefly color).
|
| 336 |
|
|
|a text
|b txt
|2 rdacontent
|
| 337 |
|
|
|a computer
|b c
|2 rdamedia
|
| 338 |
|
|
|a online resource
|b cr
|2 rdacarrier
|
| 490 |
1 |
|
|a NIST interagency report ;
|v 7788.
|a Computer security
|
| 500 |
|
|
|a Title from PDF title screen (viewed Sept. 26, 2012).
|
| 500 |
|
|
|a "August 2011."
|
| 504 |
|
|
|a Includes bibliographical references.
|
| 500 |
|
|
|a Electronic resource.
|
| 650 |
|
0 |
|a Computer networks
|x Security measures
|x Standards
|z United States.
|
| 650 |
|
0 |
|a Risk management
|x Standards
|z United States.
|
| 700 |
1 |
|
|a Ou, Ximming.
|
| 710 |
2 |
|
|a National Institute of Standards and Technology (U.S.)
|
| 830 |
|
0 |
|a NISTIR ;
|v 7788.
|
| 830 |
|
0 |
|a NIST special publication.
|p Computer security.
|
| 856 |
4 |
0 |
|u https://purl.fdlp.gov/GPO/gpo28803
|t 0
|
| 999 |
|
|
|a MARS
|
| 999 |
f |
f |
|s 80d4b99b-6c5a-3049-840d-2cc8aa5efde2
|i 4b1c97a1-04e2-3260-8e05-b548cc80b80d
|t 0
|
| 952 |
f |
f |
|a Texas A&M University
|b College Station
|c Electronic Resources
|d Available Online
|t 0
|e C 13.58:7788
|h Superintendent of Documents classification
|
| 998 |
f |
f |
|a C 13.58:7788
|t 0
|l Available Online
|